000 00825nam a22002177a 4500
005 20150507145458.0
008 140714b xxu||||| |||| 00| 0 Urdu d
010 _aUR-8858
020 _c60.00
035 _aU-7413
037 _bBPPD/Pub/Ven
040 _aDPL
_bUrdu
082 _a440.8
100 _aا حمد سجا د
245 _aا ر د وز با نو ا د ب کے فر و غ و ا ر تقا ء مين ا سلا می تہز يب کا کر د ا ر
_cا حمد سجا د
246 _aUrdu Zaban wa Adab ke Farogh wa Irtaqa mein Islami Tehzeeb ka Kirdar
_bByAhmad Sajjad
260 _bApplied Books
_c2015
_aNew Delhi
270 _a1739/10,New Kohinoor Hotel Patoudi House,Darya Ganj,
_bN.Delhi
_k01123266347
_e110002
300 _a56ص
_c22Cm (Hb)
942 _2ddc
_cUR
_e
_h440.8
_mا ح م
999 _c93398
_d93398